000 00336nam a2200133Ia 4500
008 210210b1973 xxu||||| |||| 00| 0 eng d
082 _a158.1 CROY
100 _aCROWE (John H).
245 _aYou can master life.
260 _aAllahabad
_bBetter yourself books
_c1973
300 _a155
690 _aApplied Psychology
906 _a030539
999 _c81828
_d81828